000 00740nam a22002057a 4500
005 2011100503233.0
010 _aG-001746
020 _c$ 11
_a9788189693015
035 1 d _aG-001746
037 _bGift
082 _aS
100 _aBhargava, Usha
_935247
245 E _aThe dream came true and the stories /
_cby Usha Bhargava
260 _aJaipur
_bAyush Books
_c2009
270 _a"Deep Villa", D-3-A, Vishwadhalayapuri, Nr. Asha Public School, Gopalpura, By-Pass,
_bJaipur
_e302003
300 _a112p.
_c22cm(pbk)
942 _2ddc
_cCH
_hS
_mBHA
999 _c57308
_d57308